Jan gan man adhinayak Part 1/ (Record no. 43141)

MARC details
000 -LEADER
fixed length control field 00832njm a22002177a 4500
005 - DATE AND TIME OF LATEST TRANSACTION
control field 20100830141458.0
007 - PHYSICAL DESCRIPTION FIXED FIELD--GENERAL INFORMATION
fixed length control field sd ammalaaahaa
008 - FIXED-LENGTH DATA ELEMENTS--GENERAL INFORMATION
fixed length control field 100830t xxu||||| |||| 00| 0 eng d
028 ## - PUBLISHER NUMBER
Publisher number N. 16939
Source His Master Voice
100 ## - MAIN ENTRY--PERSONAL NAME
Personal name Jaganmoy
9 (RLIN) 17781
245 ## - TITLE STATEMENT
Title Jan gan man adhinayak Part 1/
Statement of responsibility, etc by Jaganmoy
Medium [sound recording] :
246 ## - VARYING FORM OF TITLE
Title proper/short title जन गन मन अधिनायक (जगंमोय )
260 ## - PUBLICATION, DISTRIBUTION, ETC. (IMPRINT)
Place of publication, distribution, etc Dum Dum, India
Name of publisher, distributor, etc His Master's Voice,
300 ## - PHYSICAL DESCRIPTION
Extent 1 sound disc [GR] :
Other physical details analog, 33 1/3 rpm ;
Dimensions 10 in
500 ## - GENERAL NOTE
General note Brief record
505 ## - FORMATTED CONTENTS NOTE
Formatted contents note vandematram (वन्देमातरम )
650 ## - SUBJECT ADDED ENTRY--TOPICAL TERM
Topical term or geographic name as entry element classical music
General subdivision Excerpts.
Geographic subdivision India
9 (RLIN) 17523
700 ## - ADDED ENTRY--PERSONAL NAME
Personal name Jaganmoy
9 (RLIN) 17524
942 ## - ADDED ENTRY ELEMENTS (KOHA)
Source of classification or shelving scheme Dewey Decimal Classification
Item type Gramaphone Records
Classification part GR-52
Holdings
Withdrawn status Lost status Source of classification or shelving scheme Damaged status Not for loan Home library Current library Date acquired Source of acquisition Total Checkouts Full call number Barcode Date last seen Copy number Price effective from Koha item type
    Dewey Decimal Classification   Not For Loan Central Library Central Library 30/08/2010 SED/VEN   GR-52 GR-52 30/08/2010 1 30/08/2010 Gramaphone Records

© Delhi Public Library
Hit Counter
free hit counter